000 00366nam a2200133Ia 4500
008 230801s9999||||xx |||||||||||||| ||und||
020 _a9781578518753
082 _a658.31
_bH3391
100 _aHarvard Business Review
245 0 _aHiring and Keeping the Best People
260 _aBoston
_bHarvard Business Review Press
_c2002
300 _axiv, 170 p.
942 _cBK
999 _c27026
_d27026